| 000 | 00954cam a22002774a 4500 | ||
|---|---|---|---|
| 008 | |||
| 020 | _a9781472456373 (Hardback) | ||
| 040 |
_aNUST _cNUST |
||
| 049 | _aMAIN | ||
| 090 |
_aHD60.T4 _bTHI |
||
| 100 | 1 | _aThiel, Monica | |
| 245 | 1 | 0 |
_aThe social domain in CSR and sustainability : _ba critical study of social responsibility among governments, local authorities and corporations / _cMonica Thiel |
| 260 |
_aSurrey : _bGower Publishing, _cc2015 |
||
| 300 |
_axvii, 156 pages : _billustrations ; _c24 cm |
||
| 336 |
_atext _btxt _2rdacontent |
||
| 337 |
_aunmediated _bn _2rdamedia |
||
| 338 |
_avolume _bnc _2rdacarrier |
||
| 500 | _aIncludes index | ||
| 504 | _aIncludes bibliographical references | ||
| 650 | 0 | _aSocial responsibility of Business | |
| 650 | 0 | _aBusiness Ethics | |
| 907 |
_a.b10418477 _b16-05-22 _c16-05-22 |
||
| 003 | |||
| 005 | 20230123141243.0 | ||
| 942 |
_cBOOKS _kHD60.T4 _mTHI |
||
| 999 |
_c170318 _d170318 |
||